College Quizbowl Stats
College Quizbowl Stats
Circuits
Seasons
Sets
Records
Detailed Stats
About
Loading...
2023 BHSU @ Northwestern
Tossups
Bonuses
Players
Teams
Categories (Tossup)
Categories (Bonus)
Conor Thompson
Maryland B
Categories
Category
Powers
Gets
Negs
BBs
Points
Earliest Buzz
Avg. Buzz
First Buzzes
Top 3 Buzzes
BPA
PVF
AG
1
1
0
0
25
95
112.00
0
2
0.00
0.00
BB
0
1
0
0
10
107
107.00
0
0
0.00
0.00
DM
0
1
0
0
10
121
121.00
0
1
0.00
0.00
MB
0
1
0
1
10
126
126.00
0
1
0.00
0.00
RR
0
1
0
0
10
134
134.00
0
0
0.00
0.00
Buzzes
Category
Answer
Value
Buzz Position
AG
Richard
15
95
BB
vomiting
10
107
DM
Russia
10
121
MB
Bohemia
10
126
AG
shoes
10
129
BB
molecular clouds
0
133
RR
facial recognition
10
134
MB
Claude Debussy’s Preludes
0
150
Previous
1
Next